000 01103naa a22002657a 4500
001 BR9401481
003 BR-BrBNA
005 20240918180921.0
007 ta
008 230509b bl.||||| |||| 00| 0 por d
040 _aBR-BrBNA
_bpor
_cBiblioteca Nacional de Agricultura
041 _a(Pt)
072 _aL73
_b5214
_b4110
090 _aL73 BR9401481
100 1 _aSmith, K.L.
111 1 _a29. Reuniao Anual da Sociedade Brasileira de Zootecnia
_cLavras, MG (Brazil)
_d20-23 Jul 1992
245 1 _aControle de mastite alem da imersao das tetas e da terapia de vacas secas
260 3 _aLavras, MG (Brasil):
_c1992.
500 _aTeixeira, J.C.; Neiva, R.S.; Coords. Palestras do Simposio Internacional de Ruminantes Lavras, MG (Brasil): 1992. p. 220-231 (BR9401481-AM)L73
650 _aVaca
650 _aMamite
773 0 _tPalestras do Simposio Internacional de Ruminantes
_aTeixeira, J.C.; Neiva, R.S.; Coords.. Sociedade Brasileira de Zootecnia, Lavras, MG (Brasil)
_wL73 BR9401481
_gLavras, MG (Brasil), 1992. p. 220-231
909 _a202404
_bLucia
_c55
_dLucia Elande
942 _cAM
_2AGRIS
999 _c322668
_d322668